| 000 | 00509nam a22001697a 4500 | ||
|---|---|---|---|
| 003 | OSt | ||
| 005 | 20140310181753.0 | ||
| 008 | 130628t xxu||||| |||| 00| 0 eng d | ||
| 020 | _a9718855033 | ||
| 050 |
_aGR 325 _b.Al318 1996 |
||
| 082 |
_2FIL 899.211 _bZ5 1996 |
||
| 245 |
_aMga alamat, pabula at marami pang kuwento (tulong sa mag-aaral) : _cZeus _bikalawang aklat : |
||
| 260 |
_aManila, Philippines : _bZues Publishing _c1996. |
||
| 300 |
_a100 p. : _bill. ; _c21 cm. |
||
| 942 |
_2lcc _cBK |
||
| 999 |
_c3330 _d3330 |
||